Lista de trabajos finales de graduación de la Universidad de Costa Rica 1980

Shranjeno v:
Bibliografske podrobnosti
Korporativna značnica: Universidad de Costa Rica. Biblioteca
Format: Texto
Izdano: San José: Universidad de Costa Rica
Oznake: Označite
Brez oznak, prvi označite!

MARC

LEADER 00000 a a2200000 04500
001 23449
003
040
090 |a 163500  
110 |a Universidad de Costa Rica. Biblioteca  
245 |a Lista de trabajos finales de graduación de la Universidad de Costa Rica 1980  
260 |a San José:   |b Universidad de Costa Rica  
300 |a 207 p.  
999 |c 12264  |d 12264